Cathedral, forge, and waterwheel : (Record no. 804)

000 -LEADER
fixed length control field 01362nam a22003857a 4500
001 - CONTROL NUMBER
control field 4414355
003 - CONTROL NUMBER IDENTIFIER
control field OSt
005 - DATE AND TIME OF LATEST TRANSACTION
control field 20210422060050.0
008 - FIXED-LENGTH DATA ELEMENTS--GENERAL INFORMATION
fixed length control field 930527s1994 nyua b 001 0 eng
010 ## - LIBRARY OF CONGRESS CONTROL NUMBER
LC control number 93014293
020 ## - INTERNATIONAL STANDARD BOOK NUMBER
International Standard Book Number 0060165901 (cloth) :
040 ## - CATALOGING SOURCE
Original cataloging agency eng
Transcribing agency DLC
Modifying agency eng
Language of cataloging eng
041 ## - LANGUAGE CODE
Language code of text/sound track or separate title eng
050 00 - LIBRARY OF CONGRESS CALL NUMBER
Classification number T17
Item number .G54 1994
080 ## - UNIVERSAL DECIMAL CLASSIFICATION NUMBER
Universal Decimal Classification number 94
Item number G-44
082 00 - DEWEY DECIMAL CLASSIFICATION NUMBER
Classification number 609.4/09/02
Edition number 20
100 1# - MAIN ENTRY--PERSONAL NAME
Personal name Gies, Frances.
245 10 - TITLE STATEMENT
Title Cathedral, forge, and waterwheel :
Remainder of title technology and invention in the Middle Ages /
Statement of responsibility, etc. / by: HarperCollins Publishers
260 ## - PUBLICATION, DISTRIBUTION, ETC.
Place of publication, distribution, etc. New York :
Name of publisher, distributor, etc. HarperCollins Publishers,
Date of publication, distribution, etc. c1994.
300 ## - PHYSICAL DESCRIPTION
Extent 357 p. :
Other physical details ill. ;
Dimensions 22 cm.
365 ## - TRADE PRICE
Price amount 25 usd
504 ## - BIBLIOGRAPHY, ETC. NOTE
Bibliography, etc. note Includes bibliographical references (p. [329]-343) and index.
650 #0 - SUBJECT ADDED ENTRY--TOPICAL TERM
Topical term or geographic name entry element Technology
General subdivision History.
650 #0 - SUBJECT ADDED ENTRY--TOPICAL TERM
Topical term or geographic name entry element History
9 (RLIN) 252
650 #0 - SUBJECT ADDED ENTRY--TOPICAL TERM
Topical term or geographic name entry element Inventions
General subdivision History.
650 #0 - SUBJECT ADDED ENTRY--TOPICAL TERM
Topical term or geographic name entry element Science, Medieval.
653 ## - INDEX TERM--UNCONTROLLED
Uncontrolled term ისტორია
653 ## - INDEX TERM--UNCONTROLLED
Uncontrolled term ტექნოლოგია
653 ## - INDEX TERM--UNCONTROLLED
Uncontrolled term გამომგონებლობა
653 ## - INDEX TERM--UNCONTROLLED
Uncontrolled term შუა საუკუნეების მეცნიერება
700 1# - ADDED ENTRY--PERSONAL NAME
Personal name Gies, Joseph.
906 ## - LOCAL DATA ELEMENT F, LDF (RLIN)
a 7
b cbc
c orignew
d 1
e ocip
f 19
g y-gencatlg
942 ## - ADDED ENTRY ELEMENTS (KOHA)
Source of classification or shelving scheme
Koha item type Books
Holdings
Withdrawn status Lost status Source of classification or shelving scheme Damaged status Not for loan Permanent location Current location Date acquired Inventory number Total Checkouts Full call number Barcode Date last seen Price effective from Koha item type
          Ken Walker International University Ken Walker International University 12/22/2020 2218   94 G-44 2218 12/22/2020 12/22/2020 Books

Powered by Koha